000 00620nam a2200217Ia 4500
005 20250508160857.0
008 008 250505s9999 xx 000 0 hin d
037 _aTextBook
040 _aFEDL
_beng
_cFEDL
041 _ahin
_2hin
084 _a371.92, MIS
_qFEDL
100 _aMishr Madan Mohan
_9769641
245 0 _aPichhde balak ki shiksha
260 _aBhopal, India
_bMadhya Pardesh Hindi Granth Academy
_c1976
300 _aix,108p
365 _aINR
_b5
650 _aSpecial Education
700 _a Chaudhary Umrao Singh
_9769642
942 _cTB
_h371.92, MIS
999 _c1367130
_d1367130